| 000 | 00795nam a22002297a 4500 | ||
|---|---|---|---|
| 999 |
_c16648 _d16648 |
||
| 003 | AR-CdUCM | ||
| 008 | 190329b ||||| |||| 00| 0 spa d | ||
| 040 |
_aMUNICIPALIDAD PROVINCIAL DEL CUSCO _cBIBLIOTECA MUNICIPAL DEL CUSCO |
||
| 082 |
_a800 / _bS29 |
||
| 100 |
_aScott, Walter _911249 |
||
| 245 |
_aAventuras de Quintin Durward / _aEl extraño caso del doctor Jekyll y el señor Hyde / |
||
| 260 |
_aBarcelona : _bMateu, |
||
| 300 |
_a271 páginas ; _c19 cm. |
||
| 440 |
_aColección juvenil _936218 |
||
| 505 | _aContenido: Antagonismo -- El viajero y mercader -- El descarrillado -- Una mala aventura ... | ||
| 650 |
_aAventura _91719 |
||
| 650 |
_aLiteratura _983 |
||
| 650 |
_aSiglo XX _98 |
||
| 700 |
_aStevenson, R. L. _911906 |
||
| 942 |
_2ddc _cLIBROS |
||
| 945 |
_arah _d04/05/2019 |
||